LEADER 00823nam a2200181 i 4500 001 000000214260 003 CaOOAMICUS 005 20180725000000.0 008 180725s1960 xx u000 u lat u 013 $a193131 040 $aSeMil$bita 245 10$aQuaestiones 60-68. 490 0 $aBibliotheca franciscana scholastica Medii Aevi ;$v21. 773 0 $aAlexandre : de Halés $tMagistri Alexandri de Hales Quaestiones disputatae antequam esset frater.$dFirenze : Quaracchi, 1960.$kBibliotheca franciscana scholastica Medii Aevi$g3$w()26968 830 0$aBibliotheca franciscana scholastica Medii Aevi ;$v21.$0(OLS)http://semarc/title/400182 850 $aSeMil 852 $aSeMil$W1$xVenegono$y1$m2N IV 621$j164688$B164688$CSeMilBibl$Z2$F175678 $81 996 $6245$aQuaestiones 60-68$9(OLS)http://semarc/title/308746 LEADER 01110nam a2200277 i 4500 001 000000042400 003 CaOOAMICUS 005 20090527000000.0 008 090527s1995 it u000 u ita u 013 $a13570 020 $a88-311-0100-5 040 $aSeMil$bita 100 1 $aSturzo, Luigi,$c.$0(OLS)http://semarc/name/414 245 10$aDifesa della scuola libera /$cLuigi Sturzo ; a cura di Dario Antiseri. 260 $aRoma :$bCittà Nuova,$c1995. 300 $a106 p. ;$c20 cm. 490 0 $aIdee. Saggistica ;$v100 650 4$aScuola.$0(OLS)http://semarc/subject/9025 700 1 $aAntiseri, Dario,$d<1940- >.$0(OLS)http://semarc/name/3807 830 0$aIdee. Saggistica ;$v100.$0(OLS)http://semarc/title/606 850 $aSeMil 852 $aSeMil$W1$xVenegono$y1$m2Q IV 228$j8555$B8555$CSeMilBibl$Z2$F8555 $81 961 $aAcquisto: Città Nuova 996 $6020$a88-311-0100-5$9(OLS)http://semarc/number/13663 996 $6245$aDifesa della scuola libera$9(OLS)http://semarc/title/61813 996 $6260$aRoma :$bCittà Nuova$9(OLS)http://semarc/publisher/29609